Harry Potter Characters - Statistics

General Stats
  • This quiz has been taken 39 times
    32 since last reset
  • The average score is 309 of 620
Answer Stats
Group Gender Hint Answer % Correct
Wizard m Owner and barman of the Hog's Head Inn Aberforth Dumbledore
90%
Wizard m British wizard who died of a case of Dragon Pox Abraxas Malfoy
90%
Wizard m Famous Headmaster of Hogwarts and Supreme Mugwump Albus Percival Wulfric Brian Dumbledore
90%
Wizard m Second son of The Chosen One Albus Severus Potter
90%
Wizard m British wizard Algie Longbottom
90%
Wizard f Member of the Order of the Phoenix during the First Wizarding War Alice Longbottom
90%
Wizard m Wizard who was posthumously disowned and removed from family tree tapestry Alphard Black
90%
Wizard m Wizard working for the Department for the Regulation and Control of Magical Creatures Amos Diggory
90%
Wizard f British witch and ally of the Order of the Phoenix Andromeda "Dromeda" Tonks
90%
Wizard f Witch who tried to make Muggle-hunting legal Araminta Meliflua Black
90%
Wizard m Wizard awarded the Order of Merlin, First Class Arcturus Black III
90%
Wizard f Young witch that was attacked by Muggle boys while practising underage magic; Obscurial Ariana Dumbledore
90%
Beast m Purple Pygmy Puff, pet of a female Gryffindor student Arnold
90%
Wizard m Wizard working for the Accidental Magic Reversal Squad Arnold Peasegood
90%
Wizard m Member of the Order of the Phoenix during the Second Wizarding War Arthur Weasley
90%
Wizard f British witch raising her grandson Augusta Longbottom
90%
Wizard f Death Eater during the First and Second Wizarding War Bellatrix "Bella" Lestrange
90%
Wizard m Wizarding confectioner who accidentally created Every Flavour Beans Bertie Bott
90%
Wizard m British wizard and lifelong bachelor Bilius Weasley
90%
Wizard m Editor of the anti-Muggle periodical Warlock at War Brutus Malfoy
90%
Wizard m Triwizard Champion from Hogwarts in 1994 Cedric Diggory
90%
Wizard m Member of the Order of the Phoenix during the Second Wizarding War Charles "Charlie" Weasley
90%
Being m Free House-elf killed during the Second Wizarding War Dobby
90%
Wizard f Senior Undersecretary to the Minister for Magic Dolores Jane Umbridge
90%
Wizard m Death Eater during the Second Wizarding War Draco Lucius Malfoy
90%
Wizard m Hufflepuff student who began attending Hogwarts in 2009; Metamorphmagus Edward Remus "Teddy" Lupin
90%
Wizard m British Muggle-born wizard and ally of the Order of the Phoenix Edward "Ted" Tonks
90%
Wizard f Witch who introduced hanging heads of house elves on the wall Elladora Black
90%
Wizard f British witch Enid Longbottom
90%
Wizard m Death Eater during the First Wizarding War Evan Rosier
90%
Beast m Monstrous three-headed dog guarding the Philosopher's Stone Fluffy
90%
Muggle m Gardener in Little Hangleton Frank Bryce
90%
Wizard m Member of the Order of the Phoenix during the First Wizarding War Frank C. J. Longbottom
90%
Wizard m Member of the Order of the Phoenix during the Second Wizarding War Fred Weasley I
90%
Wizard m Member of the Order of the Phoenix during the Second Wizarding War George Weasley
90%
Wizard f Gryffindor student who began attending Hogwarts in 1992 Ginevra Molly "Ginny" Weasley
90%
Being m Goblin that went on the run after Death Eaters took over the British Ministry of Magic Griphook
90%
Wizard m The Chosen One Harry James Potter
90%
Animal f Pet snowy owl of The Chosen One Hedwig
90%
Spirit f Ghost of Ravenclaw House Helena Ravenclaw "The Grey Lady"
90%
Wizard f Best friend of The Chosen One Hermione Jean Granger
90%
Muggle f Welsh Muggle woman Hope Lupin
90%
Wizard m Son of The Chosen One's best friends Hugo Granger-Weasley
90%
Wizard m Father of The Chosen One; Animagus James "Prongs" Potter
90%
Wizard m First son of The Chosen One James Sirius Potter
90%
Wizard f British Muggle-born witch Kendra Dumbledore
90%
Wizard f Gryffindor student who began attending Hogwarts in 1991 Lavender Brown
90%
Wizard m Slytherin student in the 1940s Lestrange
90%
Wizard f Mother of The Chosen One Lily J. Potter
90%
Wizard f Only daughter of The Chosen One Lily Luna Potter
90%
Wizard m Death Eater during the First and Second Wizarding War Lucius Malfoy II
90%
Wizard m World-renowned authority on Non-Human Spirituous Apparitions Lyall Lupin
90%
Muggle f Grandmother of You-Know-Who Mary Riddle
90%
Wizard f Professor of Transfiguration at Hogwarts; Animagus Minerva McGonagall
90%
Wizard f Member of the Order of the Phoenix during the Second Wizarding War Molly Weasley
90%
Wizard m British wizard Mr Longbottom
90%
Spirit f Hogwarts student killed in 1943 by the Serpent of Slytherin Myrtle Elizabeth "Moaning Myrtle" Warren
90%
Wizard f Ally of the Death Eaters during the First and Second Wizarding War Narcissa "Cissy" Malfoy
90%
Wizard m Gryffindor student who began attending Hogwarts in 1991 Neville Longbottom
90%
Wizard f Member of the Order of the Phoenix during the Second Wizarding War; Metamorphmagus Nymphadora "Dora" Tonks
90%
Wizard m Wizard who married his second cousin Orion Black
90%
Spirit m Poltergeist at Hogwarts Peeves
90%
Wizard m Wizard working as Junior Assistant to the Minister for Magic Percy Ignatius "Perce" Weasley
90%
Wizard m Death Eater during the First and Second Wizarding War; Animagus Peter "Wormtail" Pettigrew
90%
Wizard m Least popular Headmaster of Hogwarts Phineas Nigellus Black
90%
Wizard m Death Eater during the First and Second Wizarding War Rabastan Lestrange
90%
Wizard m Wizard working for the Magical Maintenance Division Reginald "Reg" Cattermole
90%
Wizard m Wizard who tried to destroy one of the Horcruxes created by You-Know-Who Regulus Arcturus Black
90%
Wizard m Member of the Order of the Phoenix during the First and Second Wizarding War; Werewolf Remus John "Moony" Lupin
90%
Wizard m Death Eater during the First and Second Wizarding War Rodolphus Lestrange II
90%
Wizard m Best friend of The Chosen One Ronald Bilius "Ron" Weasley
90%
Wizard f Daughter of The Chosen One's best friends Rose "Rosie" Granger-Weasley
90%
Wizard m Slytherin student who began attending Hogwarts in 2017 Scorpius Hyperion Malfoy
90%
Wizard m Member of the Order of the Phoenix during the First and Second Wizarding War Severus Snape
90%
Wizard m Member of the Order of the Phoenix and godfather of The Chosen One; Animagus Sirius Black III
90%
Spirit m Ghost of Slytherin House The Bloody Baron
90%
Spirit m Ghost of Hufflepuff House The Fat Friar
90%
Wizard f Witch depicted on the portrait guarding the entrance to Gryffindor Tower The Fat Lady
90%
Muggle m Grandfather of You-Know-Who Thomas Riddle
90%
Muggle m British Muggle man with abusive tendencies Tobias Snape
90%
Wizard m You-Know-Who Tom Marvolo Riddle "Lord Voldemort"
90%
Muggle m Father of You-Know-Who Tom Riddle Senior
90%
Part-Human f Hogwarts student in the 2010s Victoire Weasley
90%
Wizard f Witch who married her second cousin Walburga Black
90%
Wizard m Member of the Order of the Phoenix during the Second Wizarding War William Arthur "Bill" Weasley
90%
Wizard m Member of the Order of the Phoenix during the First and Second Wizarding War Alastor "Mad-Eye" Moody
80%
Wizard m English wizard Alfred Cattermole
80%
Wizard f Gryffindor student who began attending Hogwarts in 1989 Angelina Johnson
80%
Wizard m First wizard to have possessed the Elder Wand Antioch Peverell
80%
Squib f Member of the Order of the Phoenix during the First and Second Wizarding War Arabella Doreen Figg
80%
Beast m Acromantula living in the Forbidden Forest Aragog
80%
Squib m Caretaker at Hogwarts Argus Filch
80%
Wizard f Magical historian and the author of A History of Magic Bathilda Bagshot
80%
Animal f Pet rabbit of a female Gryffindor student Binky
80%
Beast m Hippogriff that escaped execution in 1994 Buckbeak (Witherwings)
80%
Wizard m First wizard to have possessed the Resurrection Stone Cadmus Peverell
80%
Wizard f Famous Seer; Seer Cassandra Trelawney
80%
Wizard f Professor of Muggle Studies at Hogwarts Charity Burbage
80%
Wizard f Ravenclaw student who began attending Hogwarts in 1990 Cho Chang
80%
Wizard m Gryffindor student who began attending Hogwarts in 1992 Colin Creevey
80%
Animal m Half-Kneazle pet cat of a female Gryffindor student Crookshanks
80%
Spirit m Professor of History of Magic at Hogwarts Cuthbert Binns
80%
Wizard m Gryffindor student who began attending Hogwarts in 1991 Dean Thomas
80%
Wizard m Gryffindor student who began attending Hogwarts in 1994 Dennis Creevey
80%
Muggle m British Muggle and cousin of The Chosen One Dudley Dursley
80%
Wizard f English witch Ellie Cattermole
80%
Wizard m Hufflepuff student who began attending Hogwarts in 1991 Ernest "Ernie" Macmillan
80%
Wizard m Driver of the Knight Bus Ernest "Ernie" Prang
80%
Animal m Great grey owl known for his poor eyesight, pet of a male Gryffindor student Errol
80%
Wizard f Grandmother of The Chosen One Euphemia Potter
80%
Animal m Over-sized boarhound dog know for being a coward, pet of Hogwart's gamekeeper Fang
80%
Beast m Phoenix that blinded the Serpent of Slytherin Fawkes
80%
Part-Human m Professor of Charms at Hogwarts Filius Flitwick
80%
Beast m Centaur from the Forbidden Forest and later Professor of Divination at Hogwarts Firenze
80%
Wizard m Grandfather of The Chosen One Fleamont Potter
80%
Part-Human f Triwizard Champion from Beauxbatons in 1994 Fleur Isabelle Delacour
80%
Part-Human f Quarter-Veela French witch Gabrielle Delacour
80%
Wizard m Famous wandmaker Garrick Ollivander
80%
Wizard m Author and former professor of Defence Against the Dark Arts at Hogwarts Gilderoy Lockhart
80%
Wizard m One of the four founders of Hogwarts School of Witchcraft and Wizardry Godric Gryffindor
80%
Being m Giant half-brother of Hogwart's gamekeeper Grawp
80%
Wizard m Slytherin student who began attending Hogwarts in 1991 Gregory Goyle
80%
Wizard m Hufflepuff student who began attending Hogwarts in 1991 Hannah Abbott
80%
Wizard m Founder of the Most Extraordinary Society of Potioneers Hector Dagworth-Granger
80%
Wizard f One of the four founders of Hogwarts School of Witchcraft and Wizardry Helga Hufflepuff
80%
Wizard f Avid collector of magical antiquities Hepzibah Smith
80%
Animal m Pet screech owl of a male Gryffindor student Hermes
80%
Being f House-elf framed in the murder of her mistress by You-Know-Who Hokey
80%
Wizard m First wizard to have possessed the Cloak of Invisibility Ignotus Peverell
80%
Wizard m Wizard working for the Auror Office John Dawlish
80%
Wizard m Hufflepuff student who began attending Hogwarts in 1991 Justin Finch-Fletchley
80%
Wizard f Gryffindor student who began attending Hogwarts in 1990 Katie Bell
80%
Wizard m Member of the Order of the Phoenix during the Second Wizarding War Kingsley Shacklebolt
80%
Being m House-elf at 12 Grimmauld Place Kreacher
80%
Wizard f Ravenclaw student who began attending Hogwarts in 1992 Luna Lovegood
80%
Wizard f English witch Maisie Cattermole
80%
Muggle f British Muggle woman breeding bulldogs Marjorie Eileen "Marge" Dursley
80%
Wizard m British wizard and grandfather of You-Know-Who Marvolo Gaunt
80%
Wizard f Muggle-born witch accused of stealing a wand Mary Elizabeth Cattermole
80%
Wizard f British witch and mother of You-Know-Who Merope Gaunt
80%
Wizard m British wizard and uncle of You-Know-Who Morfin Gaunt
80%
Wizard m British wizard Mr Bell
80%
Wizard m Death Eater during the First and Second Wizarding War Mr Crabbe
80%
Wizard m Death Eater during the First and Second Wizarding War Mr Goyle
80%
Muggle m British dentist Mr Granger
80%
Wizard m Father of Hogwart's gamekeeper Mr Hagrid
80%
Wizard m Bulgarian wizard Mr Krum
80%
Wizard m Death Eater during the First and Second Wizarding War Mr Nott
80%
Wizard m Second wizard to have possessed the Cloak of Invisibility Mr Peverell
80%
Wizard f British witch Mrs Bell
80%
Wizard f British witch Mrs Diggory
80%
Wizard f British witch Mrs Goyle
80%
Muggle f British dentist Mrs Granger
80%
Wizard f Bulgarian witch Mrs Krum
80%
Wizard m British wizard Mr Smith
80%
Animal f Pet cat of Hogwart's caretaker Mrs Norris
80%
Wizard f British witch Mrs Nott
80%
Wizard f British witch Mrs Pettigrew
80%
Wizard f British witch breeding Hippogriffs Mrs Scamander
80%
Beast f Indonesian maledictus that turned into a snake Nagini
80%
Wizard m Magizoologist and author of Fantastic Beasts and Where to Find Them Newton Artemis Fido "Newt" Scamander
80%
Beast f Norwegian Ridgeback hatched by Hogwart's gamekeeper Norberta
80%
Part-Human f Headmistress of Beauxbatons Olympe Maxime
80%
Wizard f Ravenclaw student who began attending Hogwarts in 1991 Padma Patil
80%
Wizard f Extraordinary witch who liked to experiment with spells Pandora Lovegood
80%
Wizard f Gryffindor student who began attending Hogwarts in 1991 Parvati Patil
80%
Wizard m British wizard sentenced to imprisonment in Azkaban Percival Dumbledore
80%
Muggle f British Muggle and aunt of The Chosen One Petunia Dursley
80%
Wizard m Trader in banned artefacts and creatures Phineas Fletcher
80%
Animal m Pet owl of a male Gryffindor student Pigwidgeon "Pig"
80%
Wizard m Former professor of Defence Against the Dark Arts at Hogwarts Quirinus Quirrell
80%
Animal m Pet bulldog of a British muggle woman Ripper
80%
Wizard f Gossip Correspondent for the Daily Prophet; Animagus Rita Skeeter
80%
Wizard m Chief Consulting Magizoologist for the daily newspaper Rolf Scamander
80%
Wizard f Gryffindor student who began attending Hogwarts in 1993 Romilda Vane
80%
Wizard ? Death Eater during the First Wizarding War Rosier
80%
Wizard f One of the four founders of Hogwarts School of Witchcraft and Wizardry Rowena Ravenclaw
80%
Part-Human m Professor of Care of Magical Creatures and gamekeeper at Hogwarts Rubeus Hagrid
80%
Wizard m Thirty-third Minister for Magic Rufus Scrimgeour
80%
Wizard m One of the four founders of Hogwarts School of Witchcraft and Wizardry Salazar Slytherin
80%
Wizard m Gryffindor student who began attending Hogwarts in 1991 Seamus Finnigan
80%
Spirit m Ghost of Gryffindor House Sir Nicholas de Mimsy-Porpington "Nearly Headless Nick"
80%
Wizard m Conductor of the Knight Bus Stanley "Stan" Shunpike
80%
Wizard f Professor of Divination at Hogwarts; Seer Sybill Patricia Trelawney
80%
Wizard m Slytherin student who began attending Hogwarts in 1991 Theodore Nott
80%
Wizard m Hogwarts student in the 1990s Thomas Vane
80%
Wizard m Landlord of the Leaky Cauldron Tom
80%
Animal m Pet toad of a Gryffindor student Trevor
80%
Muggle m British Muggle and uncle of The Chosen One Vernon Dursley
80%
Wizard m Seeker for the Bulgarian National Quidditch team Viktor Krum
80%
Wizard m Slytherin student who began attending Hogwarts in 1991 Vincent Crabbe
80%
Being f Free house-elf employed at Hogwarts Winky
80%
Wizard m Editor of The Quibbler magazine Xenophilius "Xeno" Lovegood
80%
Wizard m Hufflepuff student in the 1990s Zacharias Smith
80%
Wizard f Death Eater during the First and Second Wizarding War Alecto Carrow
70%
Wizard f Gryffindor student who began attending Hogwarts in 1989 Alicia Spinnet
70%
Wizard f Head of the Department of Magical Law Enforcement Amelia Susan Bones
70%
Wizard m Death Eater during the First and Second Wizarding War Amycus Carrow
70%
Part-Human f Half-Veela French witch Apolline Delacour
70%
Beast m Centaur living in the Forbidden Forest Bane
70%
Wizard m Death Eater during the First and Second Wizarding War Bartemius "Barty" Crouch Junior
70%
Wizard m Head of the Department of Magical Law Enforcement Bartemius "Barty" Crouch Senior
70%
Wizard m Slytherin student who began attending Hogwarts in 1991 Blaise Zabini
70%
Wizard m Former Headmaster of Hogwarts and author of The Beaters' Bible Brutus Scrimgeour
70%
Wizard m Thirty-second Minister for Magic of the British Ministry of Magic Cornelius Oswald Fudge
70%
Wizard m Wizard famous for inventing the Wolfsbane Potion Damocles Belby
70%
Wizard m Wizard murdered by Death Eaters in 1981 Edgar Bones
70%
Wizard m Co-leader of the Snatchers; Werewolf Fenrir Greyback
70%
Wizard m Only known wizard to survive a Lethifold attack Flavius Belby
70%
Wizard m Dark wizard and previous Master of the Elder Wand; Seer Gellert Grindelwald
70%
Wizard f British witch Honoria Dumbledore
70%
Wizard m Professor of Potions at Hogwarts Horace Eugene Flaccus Slughorn
70%
Wizard m Headmaster of Durmstrang and former Death Eater Igor Karkaroff
70%
Wizard m Head of the Department of Magical Games and Sports Ludovic "Ludo" Bagman
70%
Wizard f Employee of the British Ministry of Magic Madam Chang
70%
Wizard f Shop owner and tailor in Diagon Alley Madam Malkin
70%
Wizard m Ravenclaw student who began attending Hogwarts in 1990 Marcus Belby
70%
Wizard m French wizard Monsieur Delacour
70%
Wizard m Wizard with an aversion to brewing potions Mr Belby
70%
Wizard m Wizard murdered by Death Eaters in 1981 Mr Bones
70%
Wizard m British wizard Mr Chang
70%
Muggle m Milkman Mr Creevey
70%
Wizard m British wizard Mr Patil
70%
Wizard f British witch killed by Death Eaters in 1996 Mrs Abbott
70%
Wizard f Witch murdered by Death Eaters in 1981 Mrs Bones I
70%
Wizard f Witch murdered by Death Eaters in 1981 Mrs Bones II
70%
Wizard f British witch Mrs Fudge
70%
Wizard f British witch Mrs Patil
70%
Wizard f British witch Mrs Wood
70%
Wizard f Famously beautiful witch whose seven husbands died in mysterious circumstances Mrs Zabini
70%
Wizard m British wizard Mr Wood
70%
Wizard m Member of the Order of the Phoenix during the First and Second Wizarding War Mundungus "Dung" Fletcher
70%
Wizard m Maker of the Philosopher's Stone Nicolas Flamel
70%
Wizard m Gryffindor student who began attending Hogwarts in 1987 Oliver Wood
70%
Wizard f Slytherin student who began attending Hogwarts in 1991 Pansy Parkinson
70%
Wizard ? Keeper for the Wigtown Wanderers Quidditch team Parkin I
70%
Wizard ? Chaser for the Wigtown Wanderers Quidditch team Parkin II
70%
Wizard ? Chaser for the Wigtown Wanderers Quidditch team Parkin III
70%
Wizard ? Chaser for the Wigtown Wanderers Quidditch team Parkin IV
70%
Wizard ? Beater for the Wigtown Wanderers Quidditch team Parkin V
70%
Wizard ? Beater for the Wigtown Wanderers Quidditch team Parkin VI
70%
Wizard ? Seeker for the Wigtown Wanderers Quidditch team Parkin VII
70%
Muggle m British Muggle boy with a face like a rat Piers Polkiss
70%
Wizard f Matron at Hogwarts Poppy Pomfrey
70%
Wizard f Head of the American Auror Office at MACUSA Porpentina Esther "Tina" Goldstein
70%
Wizard f Flying instructor at Hogwarts Rolanda Hooch
70%
Beast m Centaur living in the Forbidden Forest Ronan
70%
Wizard f Professor of Arithmancy at Hogwarts Septima Vector
70%
Wizard f Hufflepuff student who began attending Hogwarts in 1991 Susan Bones
70%
Wizard m Ravenclaw student who began attending Hogwarts in 1991 Terry Boot
70%
Wizard m Scottish wizard and butcher Walter Parkin
70%
Wizard f Substitute Professor of Care of Magical Creatures at Hogwarts Wilhelmina Grubbly-Plank
70%
Wizard m Employee of the British Ministry of Magic Wilkie Twycross
70%
Wizard m Employee of the British Ministry of Magic Albert Runcorn
60%
Wizard m Ravenclaw student who began attending Hogwarts in 1991 Anthony Goldstein
60%
Wizard f Hogwarts student who began attending Hogwarts in 1993 Astoria Greengrass
60%
Wizard m Death Eater during the First and Second Wizarding War Augustus Rookwood
60%
Wizard f Professor of Astronomy at Hogwarts Aurora Sinistra
60%
Wizard m Wizard working in the Department of Magical Law Enforcement Bob Ogden
60%
Wizard m Co-founder of the Cleansweep Broom Company Bob Ollerton
60%
Being m Goblin bank teller at Gringotts Bogrod
60%
Wizard m Dark wizard co-owning a shop in the Knockturn Alley Caractacus Burke
60%
Wizard m Death Eater during the First and Second Wizarding War Corban Yaxley
60%
Wizard f Slytherin student who began attending Hogwarts in 1991 Daphne Greengrass
60%
Wizard m Member of the Order of the Phoenix during the First and Second Wizarding War Dedalus Diggle
60%
Wizard f Hogwarts student in the 1940s Eileen Prince
60%
Wizard f Chieftainess of the Wizards' Council Elfrida Clagg
60%
Wizard m Member of the Order of the Phoenix during the First Wizarding War Fabian Prewett
60%
Wizard m Owner of an Ice Cream Parlour in Diagon Alley Florean Fortescue
60%
Wizard m Member of the Order of the Phoenix during the First Wizarding War Gideon Prewett
60%
Wizard f Beater of the Holyhead Harpies Quidditch team Gwenog Jones
60%
Wizard f Member of the Order of the Phoenix during the Second Wizarding War Hestia Jones
60%
Wizard f Landlady of the Three Broomsticks in Hogsmeade Madam Rosmerta
60%
Beast m Centaur living in the Forbidden Forest Magorian
60%
Wizard m Slytherin student who began attending Hogwarts in 1987 Marcus Flint
60%
Muggle m Muggle boy from Little Whinging Mark Evans
60%
Muggle f Muggle television news reporter Mary Dorkins
60%
Wizard f Hogwarts student in the 1970s Mary Macdonald
60%
Wizard m Dark wizard co-owning a shop in the Knockturn Alley Mr Borgin
60%
Muggle m British Muggle and grandfather of The Chosen One Mr Evans
60%
Muggle m Irish Muggle man Mr Finnigan
60%
Wizard f Witch who helped her son escape from Azkaban Mrs Crouch
60%
Muggle f British Muggle and grandmother of The Chosen One Mrs Evans
60%
Wizard f Irish witch Mrs Finnigan
60%
Muggle f British Muggle woman Mrs Thomas
60%
Muggle f British Muggle woman Mrs Warren
60%
Wizard f British witch Mrs Yaxley
60%
Wizard m British wizard who died around 1980 Mr Thomas
60%
Muggle m British Muggle man Mr Warren
60%
Wizard m Famous wandmaker and previous Master of the Elder Wand Mykew Gregorovitch
60%
Wizard m Wizard that got into trouble with a magical lawnmower Otto Bagman
60%
Wizard f One of the oldest witches in history Perenelle Flamel
60%
Wizard m Thirty-fourth Minister for Magic Pius Thicknesse
60%
Wizard f Professor of Herbology at Hogwarts Pomona Sprout
60%
Wizard m Gryffindor student in the 1990s Ritchie Coote
60%
Wizard m Death Eater during the Second Wizarding War Thorfinn Rowle
60%
Wizard m Death Eater during the First and Second Wizarding War Walden Macnair
60%
Wizard m Slytherin student in the 1990s Adrian Pucey
50%
Wizard m Merchant trying to export flying carpets to Britain Ali Bashir
50%
Wizard m Gryffindor student in the 1990s Andrew Kirke
50%
Wizard m Death Eater during the First and Second Wizarding War Antonin Dolohov
50%
Wizard m Headmaster of Hogwarts in the 1940s Armando Dippet
50%
Wizard m Trainee Healer at St Mungo's Hospital Augustus Pye
50%
Wizard m Slytherin student in the 1940s Avery
50%
Animal m Fruit bat mascot for the Ballycastle Bats Quidditch team Barny the Fruitbat
50%
Wizard f Professor of Study of Ancient Rune at Hogwarts Bathsheda Babbling
50%
Wizard m Author of wizarding fairytales Beedle the Bard
50%
Wizard f Witch working for the Department of Magical Games and Sports Bertha Jorkins
50%
Wizard m Co-founder of the Cleansweep Broom Company Bill Ollerton
50%
Wizard m Wizard working for the Department of Mysteries Broderick Bode
50%
Wizard f Famous singer known as "The Singing Sorceress" Celestina Warbeck
50%
Wizard m Gryffindor student who began attending Hogwarts in 1990 Cormac McLaggen
50%
Wizard m Previous Headmaster of Hogwarts Dexter Fortescue
50%
Wizard m Member of the Order of the Phoenix during the First and Second Wizarding War Elphias Doge
50%
Wizard f Member of the Order of the Phoenix during the First and Second Wizarding War Emmeline Vance
50%
Being f Giantess and mother of Hogwart's gamekeeper Fridwulfa
50%
Wizard f Librarian at Hogwarts Irma Pince
50%
Wizard m Gryffindor student who began attending Hogwarts in 1989 Lee Jordan
50%
Wizard f Hogwarts student who began attending Hogwarts in 1990 Lily Moon
50%
Wizard f Assistant in the Improper Use of Magic Office Mafalda Hopkirk
50%
Wizard f Ravenclaw student who began attending Hogwarts in 1990 Marietta Edgecombe
50%
Wizard f Member of the Order of the Phoenix during the First Wizarding War Marlene McKinnon
50%
Wizard m Ravenclaw student who began attending Hogwarts in 1991 Michael Corner
50%
Wizard f Slytherin student who began attending Hogwarts in 1991 Millicent Bulstrode
50%
Beast f Acromantula living in the Forbidden Forest Mosag
50%
Wizard m Death Eater during the First and Second Wizarding War Mr Avery
50%
Wizard m Wizard who is friends with a Death Eater Mr Bagman
50%
Wizard m British wizard Mr Jordan
50%
Animal m Part-Kneazle pet cat of a female British Squib Mr Paws
50%
Muggle f British Muggle woman Mrs Finch-Fletchley
50%
Muggle f British Muggle woman Mrs Polkiss
50%
Wizard ? Brewer of Firewhisky Ogden
50%
Wizard m Former gamekeeper at Hogwarts Ogg
50%
Wizard f Ravenclaw student who began attending Hogwarts in 1987 Penelope 'Penny' Clearwater
50%
Wizard m Ravenclaw student who began attending Hogwarts in 1989 Roger Davies
50%
Wizard m Former Professor of Care of Magical Creatures at Hogwarts Silvanus Kettleburn
50%
Wizard m Knight whose portrait could be found in Hogwarts Castle Sir Cadogan
50%
Spirit m Headless ghost Sir Patrick Delaney-Podmore
50%
Wizard m Member of the Order of the Phoenix during the First and Second Wizarding War Sturgis Podmore
50%
Wizard m Member of the Wizengamot Tiberius Ogden
50%
Wizard f Medieval witch burnt at the stake forty-seven times Wendelin the Weird
50%
Wizard m Magizoologist; Seer Barnaby Abernathy Lee
40%
Wizard m Co-founder of the Cleansweep Broom Company Barnaby Ollerton
40%
Wizard m Muggle-born wizard caught and murdered by Snatchers Dirk Cresswell
40%
Wizard m Previous Master of the Elder Wand Emeric the Evil
40%
Wizard f Hogwarts student who began attending Hogwarts in 1994 Emma Dobbs
40%
Wizard f Former professor of Defence Against the Dark Arts at Hogwarts Galatea Merrythought
40%
Being m Goblin that went on the run after Death Eaters took over the British Ministry of Magic Gornuk
40%
Wizard m Gryffindor student in the 1990s Jack Sloper
40%
Muggle m Muggle television weatherman Jim McGuffin
40%
Wizard m Gryffindor student in the 1990s Jimmy Peakes
40%
Being m Former Gurg of the last giant colony Karkus
40%
Wizard f Witch working for the Floo Network Authority Madam Edgecombe
40%
Wizard m British wizard Mr Edgecombe
40%
Muggle m Rich British builder Mr Mason
40%
Wizard m Co-leader of the Snatchers Mr Scabior
40%
Wizard f British witch Mrs Cresswell
40%
Wizard m Death Eater during the Second Wizarding War Mr Selwyn
40%
Muggle f British Muggle woman with Ornithophobia Mrs Mason
40%
Animal m Part-Kneazle pet cat of a female British Squib Mr Tibbles
40%
Wizard m Death Eater during the First and Second Wizarding War Mr Travers
40%
Wizard f Gryffindor student who began attending Hogwarts in 1994 Natalie McDonald
40%
Being m King of the Goblins and maker of the Sword of Gryffindor Ragnuk the First
40%
Wizard f Hufflepuff student who began attending Hogwarts in 1995 Rose Zeller
40%
Animal ? Part-Kneazle pet cat of a female British Squib Snowy
40%
Wizard m Slytherin student in the 1990s Terence Higgs
40%
Animal ? Part-Kneazle pet cat of a female British Squib Tufty
40%
Being m Goblin rebel Urg the Unclean
40%
Wizard m British wizard Will
40%
Wizard m Wizard who invented the game of Quodpot Abraham Peasegood
30%
Wizard m Seeker for the Irish National Quidditch team Aidan Lynch
30%
Muggle f Resident at Wool's Orphanage in the 1930s Amy Benson
30%
Wizard m Keeper for the Irish National Quidditch team Barry Ryan
30%
Wizard m Player for the Falmouth Falcons Quidditch team Basil Horton
30%
Wizard m Friend of the thirty-third Minister for Magic Bertie Higgs
30%
Muggle m Resident at Wool's Orphanage in the 1930s Billy Stubbs
30%
Wizard f Seer and author of Unfogging the Future; Seer Cassandra Vablatsky
30%
Wizard m Slytherin student in the 1990s Cassius Warrington
30%
Muggle m Former Colonel in the British Armed Forces Colonel Fubster
30%
Wizard m Beater for the Irish National Quidditch team Connolly
30%
Wizard m German wizard featured on a Chocolate Frog Card Cornelius Agrippa
30%
Wizard f Gryffindor student in the 1990s Demelza Robins
30%
Muggle m British Muggle boy Dennis
30%
Muggle m Resident at Wool's Orphanage in the 1930s Dennis Bishop
30%
Wizard f Gryffindor student in the 1990s Eloise Midgen
30%
Wizard m Author of A Beginner's Guide to Transfiguration Emeric Switch
30%
Wizard m Gryffindor student who began attending Hogwarts in 1995 Euan Abercrombie
30%
Being m Gurg of a the last giant colony and ally to the Death Eaters Golgomath
30%
Wizard m Slytherin student in the 1990s Graham Montague
30%
Wizard f Governor of the Wizarding Examinations Authority Griselda Marchbanks
30%
Wizard m Quidditch referee from Egypt Hassan Mostafa
30%
Wizard m Beater for the Bulgarian National Quidditch team Ivan Volkov
30%
Wizard m British wizard Ivor Dillonsby
30%
Wizard m Chaser for the Polish National Quidditch team Ladislaw Zamojski
30%
Wizard m Keeper for the Bulgarian National Quidditch team Lev Zograf
30%
Wizard f British witch who ran a tea shop in Hogsmeade Madam Puddifoot
30%
Wizard m Death Eater during the Second Wizarding War Mr Gibbon
30%
Wizard m British wizard Mr Midgen
30%
Wizard m British wizard Mr Montague
30%
Wizard m Wizard working for the Misuse of Muggle Artefacts Office Mr Perkins
30%
Muggle f Matron at Wool's Orphanage Mrs Cole
30%
Wizard f British witch Mrs Montague
30%
Beast f Merchieftainess of the merpeople who lived in the Great Lake Murcus
30%
Wizard f English witch who loved gossip Muriel
30%
Wizard m Hogwarts student in the 1940s Olive Hornby
30%
Wizard m Slytherin student who began attending Hogwarts in 1988 Peregrine Derrick
30%
Wizard m Possible candidate for being R.A.B. Rupert "Axebanger" Brookstanton
30%
Being m Vampire who attended a Slug Club Christmas party Sanguini
30%
Muggle m Muggle television newsreader Ted
30%
Beast m Thestral who lived in the Forbidden Forest Tenebrus
30%
Wizard m Friend of the thirty-third Minister for Magic Tiberius
30%
Wizard m Chaser for the Bulgarian National Quidditch team Vasily Dimitrov
30%
Wizard m Author of Magical Theory Adalbert Waffling
20%
Wizard f Expert in ancient wizarding artefacts Agatha Chubb
20%
Wizard f Witch who owned an eel farm Agatha Timms
20%
Wizard f British witch and patient at St Mungo's Hospital Agnes
20%
Wizard m Inventor of the Dungbomb Alberic Grunnion
20%
Wizard m Chaser for the Bulgarian National Quidditch team Alexei Levski
20%
Wizard m Owner of Honeydukes Sweetshop in Hogsmeade Ambrosius Flume
20%
Wizard m Caretaker at Hogwarts in the 1960s Apollyon Pringle
20%
Wizard m Broomstick designer Arkie Alderton
20%
Wizard m Author in the fields of Potions and Defence Against the Dark Arts Arsenius Jigger
20%
Wizard f Protagonist of a children's tale Babbitty Rabbitty
20%
Wizard m Previous Master of the Elder Wand Barnabas Deverill
20%
Wizard m Wizard attempting to train trolls for the ballet Barnabas the Barmy
20%
Wizard m Wizard working for the Department of Magical Transportation Basil
20%
Wizard f Reporter for the Daily Prophet Betty Braithwaite
20%
Being m Goblin rebel Bodrod the Bearded
20%
Wizard m Inventor of the Golden Snitch Bowman Wright
20%
Wizard m Photographer for the Daily Prophet Bozo
20%
Wizard m Hufflepuff student in the 1990s Cadwallader
20%
Wizard m Member of the Order of the Phoenix during the First Wizarding War Caradoc Dearborn
20%
Wizard f Chaser and Captain for the Pride of Portree Quidditch team Catriona McCormack
20%
Muggle f Muggle woman romantically involved with You-Know-Who's father Cecilia
20%
Wizard f Greek witch featured on a Chocolate Frog Card Circe
20%
Wizard f Chaser for the Bulgarian National Quidditch team Clara Ivanova
20%
Wizard m Egyptian wizard featured on a Chocolate Frog Card Claudius Ptolemy
20%
Wizard f Irish druidess featured on a Chocolate Frog Card; Animagus Cliodna
20%
Wizard m Player for the Caerphilly Catapults Quidditch team "Dangerous" Dai Llewellyn
20%
Wizard m Captain and Keeper for the Kenmare Kestrels Quidditch team Darren O'Hare
20%
Wizard m Hogwarts student who began attending Hogwarts in 1993 Derek
20%
Wizard f Healer at St Mungo's Hospital and Headmistress of Hogwarts Dilys Derwent
20%
Wizard f Welsh witch Dilys Llewellyn
20%
Wizard f Member of the Order of the Phoenix during the First Wizarding War Dorcas Meadowes
20%
Wizard f Witch greeting The Chosen One in the Leaky Cauldron Doris Crockford
20%
Muggle f Muggle woman from Little Hangleton Dot
20%
Wizard m Chaser for the Chudley Cannons Dragomir Gorgovitch
20%
Wizard m Ravenclaw student who began attending Hogwarts in 1990 Eddie Carmichael
20%
Wizard m Previous Master of the Elder Wand Egbert the Egregious
20%
Wizard m Author of Blood Brothers: My Life Amongst the Vampires Eldred Worple
20%
Being m Goblin rebel Elfric the Eager
20%
Wizard f Witch whose portrait could be found in the British Ministry of Magic Elfrida Cragg
20%
Wizard m Inventor of the Cushioning Charm Elliot Smethwyck
20%
Wizard f Witch from Godric's Hollow Enid Smeek
20%
Wizard m Irish wizard Fergus
20%
Wizard m Wizard working for the Auror Office Gawain Robards
20%
Wizard f Seeker for the Holyhead Harpies Quidditch team Glynnis Griffiths
20%
Wizard m Previous Master of the Elder Wand Godelot
20%
Wizard ? Wizard or witch who formulated a Potioneer's law Golpalott
20%
Muggle m British Muggle boy Gordon
20%
Wizard m Inventor of the Unctuous Unction Gregory the Smarmy
20%
Wizard f Captain of the Holyhead Harpies Quidditch team Gwendolyn Morgan
20%
Wizard m Captain for the Montrose Magpies Quidditch team Hamish MacFarlan
20%
Wizard m Hogwarts student in the 1990s Harold Dingle
20%
Wizard m Slytherin student who began attending Hogwarts in 1992 Harper
20%
Wizard m Founder of the village of Hogsmeade Hengist of Woodcroft
20%
Wizard m Healer at St Mungo's Hospital Hippocrates Smethwyck
20%
Wizard m Beater for the Chudley Cannons Quidditch team Joey Jenkins
20%
Wizard m Author of Quidditch Through the Ages Kennilworthy Whisp
20%
Wizard m Young wizard attending the Quidditch World Cup final in 1994 Kevin
20%
Wizard m Beater for the Falmouth Falcons Quidditch team Kevin Broadmoor
20%
Wizard m Hufflepuff student who began attending Hogwarts in 1994 Kevin Whitby
20%
Wizard m Guitarist for The Weird Sisters Kirley McCormack Duke
20%
Wizard m A wizard proud of himself for unknown reasons Lachlan the Lanky
20%
Wizard f Hufflepuff student who began attending Hogwarts in 1994 Laura Madley
20%
Wizard f Hufflepuff student who began attending Hogwarts in 1991 Leanne
20%
Wizard f Ravenclaw student who began attending Hogwarts in 1991 Lisa Turpin
20%
Wizard m Previous Master of the Elder Wand Livius
20%
Wizard m Previous Master of the Elder Wand Loxias
20%
Wizard m Slytherin student in the 1990s Lucian Bole
20%
Wizard f British witch who frequently rode on the Knight Bus Madam Marsh
20%
Muggle m British Muggle boy Malcolm
20%
Wizard m Slytherin student who began attending Hogwarts in 1994 Malcolm Baddock
20%
Wizard f Ravenclaw student who began attending Hogwarts in 1991 Mandy Brocklehurst
20%
Wizard f Keeper for the Pride of Portree Quidditch team Meaghan McCormack
20%
Wizard f Hogwarts student in the 1990s Melinda Bobbin
20%
Wizard m Medieval wizard featured on a Chocolate Frog Card Merlin
20%
Wizard m Cellist for The Weird Sisters Merton Graves
20%
Wizard m Slytherin student in the 1990s Miles Bletchley
20%
Wizard f Thirty-first Minister for Magic of the British Ministry of Magic Millicent Bagnold
20%
Wizard f Author of the Standard Book of Spells Miranda Goshawk
20%
Wizard f Ravenclaw student who began attending Hogwarts in 1991 Morag MacDougal
20%
Wizard f Chaser for the Irish National Quidditch team Moran
20%
Wizard f British witch featured on a Chocolate Frog Card; Animagus Morgan le Fay
20%
Wizard m Namesake of the Law of Elemental Transfiguration Mr Gamp
20%
Wizard m Death Eater during the Second Wizarding War Mr Jugson
20%
Muggle m Campsite manager Mr Roberts
20%
Muggle f British Muggle woman Mrs Roberts
20%
Wizard m Death Eater during the First Wizarding War Mulciber I
20%
Wizard m Death Eater during the First and Second Wizarding War Mulciber II
20%
Wizard f Chaser for the Irish National Quidditch team Mullet
20%
Wizard m Healer who founded St Mungo's Hospital Mungo Bonham
20%
Wizard m Heroic wizard, about whom a song was written Odo the Hero
20%
Wizard f Hogwarts student who began attending Hogwarts in 1989 Patricia Stimpson
20%
Wizard m Wizard and alchemist credited with the discovery of Parseltongue Phillipus Aureolus Theophrastus Bombastus "Paracelsus" von Hohenheim
20%
Wizard f Herbologist and author of One Thousand Magical Herbs and Fungi Phyllida Spore
20%
Wizard m First Supreme Mugwump Pierre Bonaccord
20%
Wizard m Durmstrang student in the 1990s Poliakoff
20%
Wizard m Former Headmaster of Hogwarts Professor Everard
20%
Wizard m Wizard working for the Wizarding Examinations Authority Professor Tofty
20%
Wizard ? Auror stationed in Hogsmeade Proudfoot
20%
Wizard m Beater for the Bulgarian National Quidditch team Pyotr Vulchanov
20%
Wizard m Former Headmaster of Hogwarts and author of The Dark Forces: A Guide to Self-Protection Quentin Trimble
20%
Wizard m Beater for the Irish National Quidditch team Quigley
20%
Being m Goblin working at Gringotts Ragnok
20%
Wizard f Possible candidate for being R.A.B. Rosalind Antigone Bungs
20%
Wizard f Hogwarts student who began attending Hogwarts in 1991 Sally-Anne Perks
20%
Wizard ? Auror stationed in Hogsmeade Savage
20%
Wizard f Ravenclaw student in the 1990s S. Fawcett
20%
Beast m Phoenix mascot for the Moutohora Macaws Quidditch team Sparky
20%
Wizard m Hufflepuff student in the 1990s Stebbins I
20%
Wizard m Hogwarts student in the 1970s Stebbins II
20%
Wizard m Ravenclaw student who began attending Hogwarts in 1994 Stewart Ackerley
20%
Wizard m Chaser for the Irish National Quidditch team Troy
20%
Wizard m First Minister for Magic of the British Ministry of Magic Ulick Gamp
20%
Wizard m Wizard who was famous for his eccentric behaviour Uric the Oddball
20%
Wizard m Slytherin student in the 1990s Urquhart
20%
Wizard m Inventor of the Entrail-Expelling Curse Urquhart Rackharrow
20%
Wizard f British witch Veronica Smethley
20%
Wizard m Former Headmaster of Hogwarts and author of Curses and Counter-Curses Vindictus Viridian
20%
Wizard f Witch whose portrait could be found in Hogwarts Castle Violet
20%
Wizard f Employee of the British Ministry of Magic Wakanda
20%
Wizard m Author of Defensive Magical Theory Wilbert Slinkhard
20%
Wizard m Wizard whose statue could be found in Hogwarts Castle Wilfred the Wistful
20%
Wizard ? Death Eater during the First Wizarding War Wilkes
20%
Muggle f British Muggle woman Yvonne
20%
Wizard m Wizard who wrote the first full description of Quidditch Zacharias Mumps
20%
Muggle m Scottish Muggle man Angus Fleet
10%
Wizard m President of the Fresh Air Refreshes Totally movement Archie Aymslowe
10%
Wizard m Previous Master of the Elder Wand Arcus
10%
Wizard m Wizard who was on the receiving end of a Probity Probe at Gringotts Arkie Philpott
10%
Wizard f Protagonist of a The Fountain of Fair Fortune Asha
10%
Wizard m Editor-in-chief of the Daily Prophet Barnabas Cuffe
10%
Wizard m Wizard whose portrait could be found in Hogwarts Castle Baruffio
10%
Wizard m Member of the Order of the Phoenix during the First Wizarding War Benjy Fenwick
10%
Wizard m Ravenclaw student in the 1990s Bradley
10%
Muggle m Franciscan monk from Worcestershire Brother Benedict
10%
Muggle m Franciscan monk from Worcestershire Brother Boniface
10%
Wizard ? Ravenclaw student in the 1990s Chambers
10%
Wizard m British wizard Ciceron Harkiss
10%
Wizard m Member of the Goblin Liaison Office Cuthbert Mockridge
10%
Wizard m Quidditch referee from Norfolk Cyprian Youdle
10%
Wizard f Inventor of the Slowing Charm Daisy Pennifold
10%
Wizard m Hogwarts student in the 1970s Davey Gudgeon
10%
Wizard m Bass player for The Weird Sisters Donaghan Tremlett
10%
Wizard f British witch from Little Norton Doris Purkiss
10%
Wizard f Hufflepuff student who began attending Hogwarts in 1994 Eleanor Branstone
10%
Wizard m Watchwizard at the British Ministry of Magic Eric Munch
10%
Muggle m Resident at Wool's Orphanage in the 1930s Eric Whalley
10%
Wizard f Seeker for the Montrose Magpies Quidditch team Eunice Murray
10%
Wizard m Gryffindor student in the 1990s Geoffrey Hooper
10%
Wizard f Witch from Queerditch Marsh Gertie Keddle
10%
Wizard m Wizard working for the Committee on Experimental Charms Gilbert Wimple
10%
Wizard f British witch Gladys Gudgeon
10%
Wizard m Slytherin student who began attending Hogwarts in 1994 Graham Pritchard
10%
Wizard m Scottish wizard who lived during the 1100s Guthrie Lochrin
10%
Muggle m Muggle Junior minister in 1996 Herbert Chorley
10%
Wizard m Previous Master of the Elder Wand Hereward
10%
Muggle f Muggle from Norfolk Hetty Bayliss
10%
Wizard m Wizard who created a cheese cauldron Humphrey Belcher
10%
Wizard m Professional Seer and author of The Dream Oracle; Seer Inigo Imago
10%
Wizard m Wizard pretending that a Lethifold had eaten him Janus Thickey
10%
Wizard m Beater for the Falmouth Falcons Quidditch team Karl Broadmoor
10%
Wizard m Gryffindor student who began attending Hogwarts in 1989 Kenneth Towler
10%
Wizard m Wizard from South America known as a famous potioneer Libatius Borage
10%
Wizard f English witch from Topsham Madam Z. Nettles
10%
Wizard m British wizard and ferret keeper Mortlake
10%
Muggle m Campsite manager Mr Payne
10%
Wizard f British witch Mrs Thickey
10%
Wizard m Wizard working for the Auror Office Mr Williamson
10%
Wizard m Quidditch referee during the 19th century Nugent Potts
10%
Wizard m British wizard who disappeared during the Second Wizarding War Octavius Pepper
10%
Wizard f Ravenclaw student who began attending Hogwarts in 1994 Orla Quirke
10%
Wizard m Hufflepuff student who began attending Hogwarts in 1994 Owen Cauldwell
10%
Wizard m Wizard turned into Quintaped according to legend Quintius MacBoon
10%
Wizard m Player for the Falmouth Falcons Quidditch team Randolph Keitch
10%
Wizard m Wizard attending the Quidditch World Cup in 1994 Roddy Pontner
10%
Wizard m Seeker for the Tutshill Tornados Quidditch team Roderick Plumpton
10%
Wizard m Wizard working for the Department of Mysteries Saul Croaker
10%
Wizard ? Inventor of the Revelaspell Scarpin
10%
Wizard f President of the Magical Congress of the United States of America Seraphina Picquery
10%
Wizard m Protagonist of a The Fountain of Fair Fortune Sir Luckless
10%
Wizard m Lead singer of The Hobgoblins Stubby Boardman
10%
Wizard m Hufflepuff student in the 1990s Summerby
10%
Wizard m Hufflepuff student in the 1990s Summers
10%
Wizard m Slytherin student in the 1990s Vaisey
10%
Wizard f Shop assistant that worked at a joke shop Verity
10%
Wizard f Gryffindor student in the 1990s Vicky Frobisher
10%
Wizard m British wizard known to have had several toads Warty Harris
10%
Wizard m Wizard engaged in Muggle-baiting Willy Widdershins
10%
Wizard m Wizard who patented a method of taming Wampus cats Abel Treetops
0%
Wizard f Protagonist of a The Fountain of Fair Fortune Altheda
0%
Wizard f Protagonist of a The Fountain of Fair Fortune Amata
0%
Wizard m Chief of the Wizards' Council in the 1260s Barberus Bragge
0%
Wizard ? Hogwarts student in the 1970s or 1980s B. Dunstan
0%
Wizard f Author of The Toadstool Tales Beatrix Bloxam
0%
Wizard m Hogwarts student in the 1970s Bertram Aubrey
0%
Wizard m Wizard and head of a clan Dugald McClivert
0%
Wizard m Bagpipe player for The Weird Sisters Gideon Crumb
0%
Wizard m Magizoologist and author of Why I Didn't Die When the Augurey Cried Gulliver Pokeby
0%
Wizard m Rhythm guitarist for The Weird Sisters Heathcote Barbary
0%
Wizard m Lutenist for The Weird Sisters Herman Wintringham
0%
Wizard f Co-founder of Ilvermorny School of Witchcraft and Wizardry Isolt Sayre
0%
Wizard ? Hogwarts student in the 1990s J. Dorny
0%
Wizard ? Hogwarts student in the 1990s K. Bundy
0%
Wizard f Magizoologist Liz "Lizard" Tuttle
0%
Wizard f Magizoologist Merula Snyde
0%
Wizard m Lead singer for The Weird Sisters Myron Wagtail
0%
Wizard m Drummer for The Weird Sisters Orsino Thruston
0%
Wizard ? Hogwarts student in the 1970s or 1980s S. Capper
0%
No matching quizzes found
Score Distribution
Percent of People with Each Score
Percentile by Number Answered
Your Score History
You have not taken this quiz since the last reset